Структура и спектральные свойства малых молекул и примесных центров молекулярного типа в кристаллических материалах: теория и приложения: автореферат диссертации на соискание ученой степени доктора физико-математических наук; спец. 01.04.02

Dades bibliogràfiques
Autor principal: Мельников В. В. Владлен Владимирович
Autor corporatiu: Национальный исследовательский Томский государственный университет (ТГУ)
Altres autors: Потекаев А. И. Александр Иванович (научный руководитель)
Sumari:Защита сост. 17.10.2019 г.
Idioma:rus
Publicat: Томск, [Б. и.], 2019
Matèries:
Format: MixedMaterials Llibre
KOHA link:https://koha.lib.tpu.ru/cgi-bin/koha/opac-detail.pl?biblionumber=343861

MARC

LEADER 00000nam0a2200000 4500
001 343861
005 20231102005614.0
035 |a (RuTPU)RU\TPU\book\374493 
090 |a 343861 
100 |a 20191101d2019 k y0rusy50 ca 
101 0 |a rus 
102 |a RU 
105 |a a dm 001zy 
200 1 |a Структура и спектральные свойства малых молекул и примесных центров молекулярного типа в кристаллических материалах: теория и приложения  |e автореферат диссертации на соискание ученой степени доктора физико-математических наук  |e спец. 01.04.02  |f В. В. Мельников  |g Национальный исследовательский Томский государственный университет (ТГУ) ; науч. рук. А. И. Потекаев 
210 |a Томск  |c [Б. и.]  |d 2019 
215 |a 34 с.  |c ил. 
300 |a Защита сост. 17.10.2019 г. 
320 |a Библиогр.: с. 30-34 (22 назв.) 
606 1 |a Молекулы многоатомные  |x Спектры колебательные  |x (физика)  |2 stltpush  |3 (RuTPU)RU\TPU\subj\44284  |9 63641 
606 1 |a Кристаллы  |x Электронная структура  |2 stltpush  |3 (RuTPU)RU\TPU\subj\80307  |9 88032 
610 1 |a многоатомные системы 
610 1 |a электронные структуры 
610 1 |a поверхностные свойства 
610 1 |a спектральные характеристики 
610 1 |a квантово-механические расчеты 
610 1 |a кристаллические материалы 
610 1 |a уравнения Шредингера 
610 1 |a дефекты 
610 1 |a примесные центры 
610 1 |a авторефераты диссертаций 
675 |a 539.194(04)  |v 4 
675 |a 548.7(04)  |v 4 
686 |a 01.04.02  |2 oksvnk 
700 1 |a Мельников  |b В. В.  |g Владлен Владимирович 
702 1 |a Потекаев  |b А. И.  |g Александр Иванович  |4 727 
712 0 2 |a Национальный исследовательский Томский государственный университет (ТГУ)  |c (2009- )  |2 stltpush  |3 (RuTPU)RU\TPU\col\17230 
801 1 |a RU  |b 63413507  |c 20191101 
801 2 |a RU  |b 63413507  |c 20200928  |g RCR 
942 |c BK